header

Essays in semantics and pragmatics (Record no. 130318)

MARC details
000 -LEADER
fixed length control field 01688nam a2200421 a 4500
082 04 - DEWEY DECIMAL CLASSIFICATION NUMBER
Classification number 401/.43
245 00 - TITLE STATEMENT
Title Essays in semantics and pragmatics
260 ## - PUBLICATION, DISTRIBUTION, ETC. (IMPRINT)
Place of publication Amsterdam ;
-- Philadelphia :
Name of publisher J. Benjamins Pub. Co.,
Year of publication c1995.
300 ## - PHYSICAL DESCRIPTION
Number of Pages x, 330 p. :
Other physical details ill.
490 1# - SERIES STATEMENT
Series statement Pragmatics & beyond,
500 ## - GENERAL NOTE
General note Papers in honor of C. Fillmore's sixty-fifth birthday in 1994.
650 #0 - SUBJECT ADDED ENTRY--TOPICAL TERM
Topical Term Semantics.
Topical Term Pragmatics.
Topical Term Grammar, Comparative and general.
700 1# - ADDED ENTRY--PERSONAL NAME
Personal name Fillmore, Charles J.
Personal name Shibatani, Masayoshi.
Personal name Thompson, Sandra A.
856 40 - ELECTRONIC LOCATION AND ACCESS
Uniform Resource Identifier http://site.ebrary.com/lib/rucke/Doc?id=10463021

No items available.

© 2026 Rongo University
Contact us: librarian | system librarian | Rongo university